| 000 | 01054nam a2200241 4500 | ||
|---|---|---|---|
| 001 | 143270 | ||
| 003 | ES-MaACL | ||
| 005 | 20251002202459.0 | ||
| 007 | t| | ||
| 008 | 070214s1934 sp r ||||1| spa d | ||
| 100 | 1 |
_aSerra y Pickman, Carlos, _cMarqués de San José de Serra _9105664 |
|
| 245 | 1 | 0 | _aDiscursos leídos ante la Academia de Bellas Artes de Santa Isabel de Hungría de Sevilla por D. Carlos Serra y Pickman, Marqués de San José de Serra, y D. José Hernández Díaz en la recepción pública del primero. |
| 260 |
_aSevilla : _bRaimundo Blanco, _c1934. |
||
| 300 |
_a49 p., [8] h. de lám. ; _c24 cm. |
||
| 500 | _aTema: Estudio histórico de los cuadros de la Cartuja de Santa María de las Cuevas. | ||
| 610 | 0 | 4 |
_aCartuja de Santa María de las Cuevas (Sevilla) _92455 |
| 650 | 4 |
_910811 _aCartujos |
|
| 700 | 1 |
_aHernández Díaz, José, _d1906-1998 _962929 |
|
| 710 | 2 |
_aReal Academia de Bellas Artes de Santa Isabel de Hungría. _96295 |
|
| 852 |
_aES-MaACL _j1797-F-6 |
||
| 942 | _2udc | ||
| 999 |
_c143270 _d143270 |
||